| 000 | 00777cam a2200241 i 4500 | ||
|---|---|---|---|
| 005 | 20151009121446.0 | ||
| 008 | 151009s2013 sp fr 001 0 spa d | ||
| 020 | _a9788483198452 | ||
| 035 | _a(OCoLC)ocn862740505 | ||
| 040 |
_aCO-BoUCM _bspa _cSandra Palacio _dSandra Palacio |
||
| 041 | 0 | _aspa | |
| 100 | 1 |
_aTaibo, Carlos _972203 |
|
| 245 | 1 | 0 |
_aRepensar la anarquía _bacción directa, autogestión, autonomía _cCarlos Taibo |
| 260 |
_aMadrid (España) _bCatarata _c2013 |
||
| 300 | _a176 páginas | ||
| 650 | 7 |
_aAnarquismo _99024 |
|
| 650 | 7 |
_aLibertad _918464 _xanarquismo |
|
| 650 | 7 |
_aSocialismo _924700 |
|
| 650 | 7 |
_aCapitalismo _910463 |
|
| 690 |
_942914 _aSociología |
||
| 942 |
_2DEWEY _a5 _cLIBRO _e1 _h335 _mT129r |
||
| 999 |
_c301432 _d301432 |
||